000 00375nam a2200157Ia 4500
008 230711s9999||||xx |||||||||||||| ||und||
041 _aENG
082 _a800
_bTE-P
100 _aTewari,V.N
245 0 _aPunjab a cultural profile
250 _a1st Ed.
260 _c1984
_aNew Delhi
_bVikas Publishing House Pvt Ltd.
300 _a90
650 _aLiterature
942 _cBK
999 _c5310
_d5310